| 000 | 00911nam a2200217 i 4500 | ||
|---|---|---|---|
| 001 | 8470 | ||
| 003 | ES-MaACL | ||
| 005 | 20230906145449.0 | ||
| 007 | t| | ||
| 008 | 920618s1991 sp ||||1| spa d | ||
| 020 | _a84-86852-11-0 | ||
| 080 | _a323.114(4) | ||
| 245 | 0 | 0 |
_aInforme Ford sobre el racismo en Europa _b: Comunidades Europeas. Parlamento europeo. Documentos de la sesión : Informe elaborado en nombre de la Comisión de investigación del racismo y la xenofobia, sobre las conclusiones de la Comisión de Investigación / _cponente: Sr. Ford. |
| 250 | _a[1ª ed.]. | ||
| 260 |
_aMadrid : _bMinisterio de Asuntos Sociales, Instituto Nacional de Servicios Sociales, _c1991. |
||
| 300 |
_a283 p. ; _c24 cm. |
||
| 650 | 1 | 4 |
_aRacismo- _zEuropa. _916653 |
| 700 | 1 |
_aFord, James G. _951704 |
|
| 710 | 2 |
_aInstituto Nacional de Servicios Sociales (España) _95189 |
|
| 852 |
_aES-MaACL _jL-15846 _bR.120427 |
||
| 999 |
_c8470 _d8470 |
||